Nr. 1 Hits in Deutschland 1983 - Statistiken

Allgemein
  • Dieses Quiz wurde 63 mal gespielt
  • Das Durchschnittsergebnis liegt bei 6 aus 11
Antwortstatistiken
Wochen auf Platz 1 Lied Interpret % Korrekt
1 Woche 99 Luftballons Nena
100%
8 Wochen Major Tom (völlig losgelöst) Peter Schilling
88%
4 Wochen Bruttosozialprodukt Geier Sturzflug
77%
7 Wochen Do You Really Want to Hurt Me Culture Club
70%
5 Wochen Codo … düse im Sauseschritt Tauchen-Prokopetz (DÖF)
53%
6 Wochen Juliet Robin Gibb
51%
7 Wochen Come Back and Stay Paul Young
46%
3 Wochen Baby Jane Rod Stewart
42%
5 Wochen Too Shy Kajagoogoo
40%
3 Wochen I Like Chopin Gazebo
37%
6 Wochen Sunshine Reggae Laid Back
33%
Keine übereinstimmenden Quizze gefunden
Verteilung der Resultate
Anzahl Personen mit jedem Resultat
Perzentil nach korrekt beantworteten Fragen
Ihre Resultats-Entwicklung
Sie haben dieses Quiz noch nicht gespielt